000 00663nam a22001697a 4500
005 20260219125018.0
008 260219b |||||||| |||| 00| 0 eng d
020 _a9789387791565
040 _cVITAP
082 _223
_a294.5092 VEN
100 _aVenkataramanan, Geetha Ed
_917156
245 _aEmbodiment of Truth Volume 2
_b : Kanchi Mahaswami
_c / Geetha Venkataramanan
260 _aChennai
_bTHG Publishing Pvt Ltd
_c2024
300 _a264p, ill.; 30cm
650 0 _aSpiritual Discourses, Daily Life of the Mahaswami, Teachings on Hindu Scriptures, Moral & Ethical Guidance, Religious Harmony, Role in Reviving Vedic Tradition etc.
_917157
942 _2ddc
_cREF
999 _c47307
_d47307